Inclusive education: Planing and management of curriculum (Record no. 8789)

MARC details
000 -LEADER
fixed length control field 00498nam a2200169Ia 4500
008 - FIXED-LENGTH DATA ELEMENTS--GENERAL INFORMATION
fixed length control field 230917s9999||||xx |||||||||||||| ||und||
020 ## - ISBN
Price RS 695.00
040 ## - CATALOGING SOURCE
-- 5007160
Original cataloging agency VIVEKANANDA LIBRARY
041 ## - Language
-- English
082 ## - DDC NUMBER
Classification number 371.9 S23I
100 ## - MAIN ENTRY--PERSONAL NAME
Personal name Sharma, Yogendra
245 #0 - TITLE STATEMENT
Title Inclusive education: Planing and management of curriculum
260 ## - PUBLICATION, DISTRIBUTION, ETC. (IMPRINT)
Place of publication, distribution, etc New Delhi
Name of publisher, distributor, etc Kanishka Publishers, Distributors
Date of publication, distribution, etc 2019
300 ## - PHYSICAL DESCRIPTION
Pages xi, 204 p.
500 ## - GENERAL NOTE
General note 5055 31/01/2023 KPD23/618 01/02/2023 Main Budget
942 ## - ADDED ENTRY ELEMENTS (KOHA)
Koha item type Books
Holdings
Withdrawn status Lost status Damaged status Not for loan Location (home branch) Sublocation or collection (holding branch) Shelving location Date acquired Koha issues (times borrowed) Koha full call number Accession No. Koha date last seen Koha item type
        VIVEKANANDA LIBRARY VIVEKANANDA LIBRARY Centre for Disability Studies 14/02/2023   371.9 S23I 402984 17/09/2023 Books
        VIVEKANANDA LIBRARY VIVEKANANDA LIBRARY Centre for Disability Studies 14/02/2023   371.9 S23I 402985 17/09/2023 Books
        VIVEKANANDA LIBRARY VIVEKANANDA LIBRARY Centre for Disability Studies 14/02/2023   371.9 S23I 402986 17/09/2023 Books
        VIVEKANANDA LIBRARY VIVEKANANDA LIBRARY Centre for Disability Studies 14/02/2023   371.9 S23I 402987 17/09/2023 Books
        VIVEKANANDA LIBRARY VIVEKANANDA LIBRARY Centre for Disability Studies 14/02/2023   371.9 S23I 402988 17/09/2023 Books
© Designed and Maintained by Vivekananda Library, MDU Rohtak